000 01100nam a2200265 a 4500
001 000047449
003 DO-SdBNP
005 20221004093439.0
008 180530s2016 dr a 000 spa d
020 _a9789945588835
040 _aDO-SdBNP
_bspa
_cBPMSU
082 _a370.97293697
_bH557e 2016
_222
100 1 _aHernández, Alfredo Rafael
245 1 3 _aLa educación en la Vega /
_bAlfredo Rafael Hernández.
260 _aSanto Domingo :
_bDirección General de la Feria del Libro,
_c2016.
300 _a338 p. :
_bil ;
_c23 cm.
500 _3Incluye referencias bibliográficas y notas al pie de las páginas
505 0 _aLa educación en la Vega es un ensayo enjundioso resultado de las prolongadas investigaciones que su autor se ha mantenido realizando en el Archivo General de la Nación por varios años.
590 _aInventariado,2022/VM
650 4 _aEducación
_zLa Vega (República Dominicana)
_xHistoria
650 4 _aEscuelas normales
_zLa Vega (República Dominicana)
_xHistoria
650 4 _aEducación
_xInvestigaciones.
910 _aVMateo V./Validado
942 _2ddc
_cBK
999 _c12664
_d12664